000 00418pab a2200169 454500
008 180718b2014 xxu||||| |||| 00| 0 eng d
100 _aByrne, Thomas
245 _aHomelessness analytics demonstrate open government project
260 _c2014
300 _ap.14-16.
362 _aSummer
650 _aPublic administration
650 _aHomeless
773 _aPublic Manager
908 _aN
909 _a105344
999 _c105339
_d105339